| 000 | 00694nam a22002537a 4500 | ||
|---|---|---|---|
| 999 |
_c318580 _d318580 |
||
| 001 | 32142 | ||
| 003 | UA-OsUOA | ||
| 005 | 20200320220413.0 | ||
| 007 | ta | ||
| 008 | 20050124b un ||||| |||| 00| 0 ukr d | ||
| 020 | _a9665623193 | ||
| 040 |
_aUA-OsUOA _brus _cUA-OsUOA _dUA-OsUOA |
||
| 041 | _arus | ||
| 044 | _aRU | ||
| 080 | _a004 | ||
| 090 | _a004 | ||
| 100 | _aШестопалов Є.А. | ||
| 245 |
_aMS- DOS для початківця _bПосібник "Основи інформатики та обчислювальної техніки" Кн.3 |
||
| 260 |
_aШепетівка _bАспект _c2001 |
||
| 300 | _a93 с. | ||
| 650 | 7 | _2UDC | |
| 942 |
_cBK _2udc |
||
| 955 | _a2 | ||